China Engineering Cost Association (Record no. 120327)

MARC details
000 -LEADER
fixed length control field 00747cam a2200193 4500
001 - CONTROL NUMBER
control field WS123991
008 - FIXED-LENGTH DATA ELEMENTS--GENERAL INFORMATION
fixed length control field 031023c2023 000 0 eng eng d
035 ## - SYSTEM CONTROL NUMBER
System control number (Sirsi) u123991
110 ## - MAIN ENTRY--CORPORATE NAME
Corporate name or jurisdiction name as entry element China Engineering Cost Association
9 (RLIN) 4531
245 ## - TITLE STATEMENT
Title China Engineering Cost Association
520 ## - SUMMARY, ETC.
Summary, etc. Web site for this Chinese organisation for cost engineers set up under the Ministry of Construction. Includes details of training, their journal and research.
650 ## - SUBJECT ADDED ENTRY--TOPICAL TERM
Topical term or geographic name entry element BUILT ENVIRONMENT-QUANTITY SURVEYING
650 ## - SUBJECT ADDED ENTRY--TOPICAL TERM
Topical term or geographic name entry element ORGANISATION
650 ## - SUBJECT ADDED ENTRY--TOPICAL TERM
Topical term or geographic name entry element CHINA
650 ## - SUBJECT ADDED ENTRY--TOPICAL TERM
Topical term or geographic name entry element INTERNATIONAL
690 ## - LOCAL SUBJECT ADDED ENTRY--TOPICAL TERM (OCLC, RLIN)
Topical term or geographic name as entry element BUILT ENVIRONMENT-BUILDING COSTS
856 40 - ELECTRONIC LOCATION AND ACCESS
Uniform Resource Identifier <a href="https://www.ceca.org.cn">https://www.ceca.org.cn</a>
Public note View the website free of charge at www.ceca.org.cn...
942 ## - ADDED ENTRY ELEMENTS (KOHA)
Suppress in OPAC 0
Source of classification or shelving scheme Dewey Decimal Classification
Holdings
Withdrawn status Lost status Source of classification or shelving scheme Damaged status Not for loan Home library Current library Shelving location Date acquired Total Checkouts Full call number Barcode Date last seen Copy number Price effective from Koha item type
    Dewey Decimal Classification     Virtual Virtual Online 23/10/2003   WEB SITE 123991-1001 06/08/2019 1 06/08/2019 Online material